Cours de Physique génerale a l'usage de l'enseignement superieur... (Record no. 37061)

MARC details
000 -LEADER
campo de control de longitud fija 00995nam a2200241 i 4500
001 - NÚMERO DE CONTROL
campo de control 37061
003 - IDENTIFICADOR DE NÚMERO DE CONTROL
campo de control ES-MaACL
005 - FECHA Y HORA DE LA ÚLTIMA TRANSACCIÓN
campo de control 20250725062531.0
007 - CAMPO FIJO DE DESCRIPCIÓN FÍSICA--INFORMACIÓN GENERAL
campo de control de longitud fija t|
008 - DATOS DE LONGITUD FIJA--INFORMACIÓN GENERAL
campo de control de longitud fija 030220s1947 fr ||||1| fre d
100 1# - ENTRADA PRINCIPAL--NOMBRE DE PERSONA
Nombre de persona Bruhat, Georges.
9 (RLIN) 32109
245 10 - MENCIÓN DEL TÍTULO
Título Cours de Physique génerale a l'usage de l'enseignement superieur...
Resto del título : electricité /
Mención de responsabilidad, etc. Georges Bruhat.
250 ## - MENCION DE EDICION
Mención de edición 5eme ed., rev. et corr., 2eme tirage.
260 ## - PUBLICACIÓN, DISTRIBUCIÓN, ETC.
Lugar de publicación, distribución, etc. París :
Nombre del editor, distribuidor, etc. Masson et Cie,
Fecha de publicación, distribución, etc. 1947 (
Lugar de fabricación/manufactura Poitiers :
Fabricante Marc Texier)
300 ## - DESCRIPCIÓN FÍSICA
Extensión 762 p. :
Otras características físicas il. ;
Dimensiones 24 cm.
650 #7 - PUNTO DE ACCESO ADICIONAL DE MATERIA--TÉRMINO DE MATERIA
Término de materia o nombre geográfico como elemento de entrada Física
Fuente del encabezamiento o término embne
9 (RLIN) 12877
650 #7 - PUNTO DE ACCESO ADICIONAL DE MATERIA--TÉRMINO DE MATERIA
Término de materia o nombre geográfico como elemento de entrada Electricidad
Fuente del encabezamiento o término embne
9 (RLIN) 12159
852 ## - LOCALIZACIÓN
Ubicación ES-MaACL
Número de control de estantería D-6391
Sublocalización o colección R.31819
-- R.M.5986
itemnumber 38409
Ubicación en estantería Sala Valle Inclán
Marcas de propiedad Sello en tinta azul de la Biblioteca del Ateneo de Madrid
Encuadernación Encuadernación hoalndesa en tela azul marino
942 ## - ELEMENTOS DE ENTRADA SECUNDARIOS (KOHA)
Fuente del sistema de clasificación o colocación Clasificación decimal universal
Tipo de ítem Koha Libro impreso
Holdings
Estatus retirado Estado de pérdida Estado de daño No para préstamo Biblioteca de origen Biblioteca actual Ubicación en estantería Fecha de adquisición Fuente de adquisición Total de préstamos Signatura topográfica completa Código de barras Visto por última vez Precio de reemplazo Tipo de ítem Koha
        Biblioteca del Ateneo de Madrid Biblioteca del Ateneo de Madrid Sala Valle Inclán 17/01/2008     D-6391 901038991 23/02/2023 23/02/2023 Libro impreso